Представление документа в формате RUSMARC

ПолеНазваниеЗначение
  Тип записи a
  Библиографический уровень c
001 Контрольный номер RU/SLIB/B/208783109
005 Дата корректировки 20201206204349.9
010 Индекс ISBN __
d Цена 0-15
101 Язык документа __
a Язык текста rus
200 Заглавие и сведения об ответственности 1_
a Заглавие Трудная дорога к нефти
e Сведения, относящиеся к заглавию тюменские инженеры и ученые рассказывают
f Первые сведения об ответственности [лит. запись А. Мищенко ; ред. С. А. Вассерман]
b Общее обозначение материала Текст
210 Выходные данные __
a Место издания Свердловск
c Издательство Сред.-Урал. кн. изд-во
d Дата издания 1985
215 Физическое описание __
a Объем 94 с.
606 Тематические рубрики __
a Основная рубрика Экономика
606 Тематические рубрики __
a Основная рубрика Экономика топливной промышленности
z Хронологическая подрубрика 20 в.
y Географическая подрубрика Западная Сибирь; Тюменская область
610 Ключевые слова __
a Ключевые слова исследовательские институты; проектные институты; научно-исследовательские учреждения; научно-технический прогресс; новаторство; освоение месторождений; разработка месторождений
686 Индексы других классификаций __
a Классификационный индекс 65.305.143(2Рос-4Тюм); ст65.3
702 Вторичная интеллектуальная ответственность __
a Фамилия Мищенко
b Имя А.
4 Код отношения Литературная запись
4 Код отношения 570
702 Вторичная интеллектуальная ответственность _1
a Фамилия Вассерман
b Имя С. А.
4 Код отношения Редактор
4 Код отношения 340
801 Источник записи _0
a Страна RU
b Организация Муниципальное бюджетное учреждение культуры "Централизованная библиотечная система" г. Сургут (Центральная городская библиотека им. А. С. Пушкина)
g Правила каталогизации КиК/Лебедева
801 Источник записи _1
a Страна RU
b Организация Муниципальное бюджетное учреждение культуры "Централизованная библиотечная система" г. Сургут (Центральная городская библиотека им. А. С. Пушкина)
g Правила каталогизации КиК/Лебедева
852 Данные о местонахождении __
j Шифр хранения 65.305.143(2Рос-4Тюм)
i Авторский знак Т 78
p Инвентарный номер 24664
901 Тип документа __
t Тип документа x
903 Характеристики (МАРС) __
a Дата передачи 20060208
969 Тип издания __
a Тип издания сборник
990 Данные о заказе (DOS) __
j Количество экземпляров (DOS) 4
t N записи в КСУ для И/У (DOS) ретро